[Event "53rd Biel Blitz 2020"]
[Site "Biel"]
[Date "2020.07.25"]
[Round "12.3"]
[White "Naiditsch, Arkadji"]
[Black "Keymer, Vincent"]
[Result "1-0"]
[WhiteElo "2581"]
[BlackElo "2476"]
[Annotator "TA"]
[PlyCount "55"]
[EventDate "2020.07.21"]
[EventType "tourn"]
[EventCountry "SUI"]
[SourceTitle "playchess.com"]
[Source "ChessBase"]
[SourceQuality "1"]

{[%evp 12,55,13,14,0,-10,-23,-7,0,-31,252,247,249,239,371,279,295,196,189,196,195,185,291,270,270,275,290,81,81,0,4,0,249,234,227,225,291,253,512,504,500,493,509,502,493,483]} 1. e4 c6 2. d4 d5 3. exd5 cxd5 4. c4 Nf6 5. Nc3 Nc6 6. Bg5 Be6 7. Be2 Qa5 $1 {B13: Caro-Kann: Exchange Variation and Panov-Botvinnik Attack.} ({Much weaker is} 7... dxc4 $6 8. Bxf6 exf6 9. d5 $16) 8. Bf3 {Black must now prevent Bxf6.} dxc4 9. d5 {[%mdl 64] Double Attack} O-O-O {[%cal Rf6d5] The position is equal.} 10. Bd2 Nb4 $2 {[%mdl 8192]} (10... Nxd5 $15 {keeps the upper hand.} 11. Nxd5 Rxd5) 11. dxe6 $18 Nd3+ 12. Kf1 g5 (12... fxe6 {might work better.} 13. b3 e5 14. bxc4 e6) 13. Qe2 Qf5 {[#] If only Black now had time for ...g4....} 14. exf7 $146 ({Predecessor:} 14. g4 Qxe6 15. Qxe6+ fxe6 16. Bxg5 Bg7 17. Bxf6 Bxf6 18. Nge2 Rhf8 19. Kg2 Rf7 20. Rhf1 {1-0 (63) Karaahmetoglu,E (1969)-Agdelen,H (2354) Antalya 2017}) 14... g4 15. Be4 $1 {[%cal Re4f5]} Nxe4 16. Nxe4 {And now Bc3 would win.} Bg7 (16... Rd4 $142 17. f3 gxf3 18. gxf3 e5) 17. Bc3 Bxc3 18. bxc3 h5 {[#]} 19. Qe3 $2 (19. h3 $1 $18 {and the rest is easy.}) 19... Rhf8 $16 20. Ne2 (20. Ng5 $16 {h4 is the strong threat.} Nxf2 21. Qe6+ (21. Qxf2 Qxg5 22. Ne2 Qd5 $15) 21... Qxe6 22. Nxe6 Rxf7 23. Nxd8 Kxd8 24. Ne2) 20... Rxf7 $11 21. Nd4 Qf4 $2 {[#]} (21... Qd5 $11 {and Black stays safe.}) 22. Qxf4 $1 $18 Rxf4 23. f3 gxf3 24. gxf3 e5 $2 (24... Ne5 25. Ng5 Rg8) 25. Ne6 $1 {[%csl LRd8,LRf4][%mdl 64] Double Attack. White is clearly winning.} Rxf3+ 26. Ke2 Rf4 27. Nxf4 Nxf4+ 28. Kf2 {Accuracy: White = 56%, Black = 51%.} 1-0

[Event "53rd Biel Blitz 2020"]
[Site "Biel"]
[Date "2020.07.25"]
[Round "12.4"]
[White "Adams, Michael"]
[Black "Wojtaszek, Radoslaw"]
[Result "0-1"]
[WhiteElo "2709"]
[BlackElo "2690"]
[Annotator "TA"]
[PlyCount "50"]
[EventDate "2020.07.21"]
[EventType "tourn"]
[EventCountry "SUI"]
[SourceTitle "playchess.com"]
[Source "ChessBase"]
[SourceQuality "1"]

{[%evp 15,50,0,9,1,2,0,-1,0,33,0,18,8,32,15,33,-24,0,0,0,0,0,0,0,0,0,-95,-102,-122,-121,-317,-130,-124,-111,-168,-163,-29998,-29999]} 1. e4 c5 2. Nf3 d6 3. d4 cxd4 4. Nxd4 Nf6 5. Nc3 a6 6. a4 e5 7. Nf3 Be7 8. Bc4 O-O 9. O-O {B90: Sicilian Najdorf: Unusual White 6th moves, 6 Be3 Ng4 and 6 Be3 e5.} Be6 10. Qe2 Qc7 11. Bb3 {The position is equal.} Nbd7 $5 {[%mdl 4] Leaves trodden paths.} 12. Rd1 Rfc8 13. Bg5 h6 14. Bxf6 Nxf6 {[#]} 15. Rd3 $146 ({White should play} 15. Nh4 $14) ({Predecessor:} 15. Nh4 Qd7 16. g3 Rc5 17. Rd3 Rac8 18. Ng2 Bd8 19. Rad1 Ba5 20. Rxd6 Qe7 21. Nh4 Bxc3 22. Rxe6 fxe6 {½-½ (39) Ponomariov,R (2764)-Bruzon Batista,L (2673) Khanty-Mansiysk 2011}) 15... Qc5 16. a5 Bd8 17. Nd2 Bg4 ({Don't go for} 17... Bxa5 $2 18. Bxe6 fxe6 19. Nb3 $18) 18. Qf1 Bxa5 19. Nd5 {[#] Threatens to win with Nxf6+.} Bd8 20. Nc4 (20. Nxf6+ $11 Bxf6 21. Nc4) 20... Nxe4 $17 21. Re1 Bf5 22. Qe2 $2 {[#]} (22. Red1 $17) 22... b5 (22... Nxf2 $1 $19 {[%mdl 512] has better winning chances.} 23. Qxf2 Bxd3 24. Nxd6 Qxd6 25. cxd3 Ba5) 23. Nce3 Bg6 24. Qg4 (24. c3 $17 {keeps fighting.}) 24... Kh7 $19 25. Nf5 $2 (25. Qe2 $19) 25... Qxf2+ {[%mdl 64] Double Attack. Accuracy: White = 49%, Black = 77%.} 0-1

[Event "53rd Biel Blitz 2020"]
[Site "Biel"]
[Date "2020.07.25"]
[Round "13.1"]
[White "Adams, Michael"]
[Black "Studer, Noel"]
[Result "0-1"]
[WhiteElo "2709"]
[BlackElo "2422"]
[Annotator "TA"]
[PlyCount "74"]
[EventDate "2020.07.21"]
[EventType "tourn"]
[EventCountry "SUI"]
[SourceTitle "playchess.com"]
[Source "ChessBase"]
[SourceQuality "1"]

{[%evp 13,74,20,24,14,24,7,20,18,20,16,12,12,39,36,33,24,26,20,20,-27,36,30,81,17,16,24,25,19,18,18,19,0,10,0,0,0,0,7,8,0,0,0,0,0,6,0,2,0,0,-6,0,-13,-9,-17,-9,-223,-222,-202,0,0,0,-29995,-29996]} 1. e4 e5 2. Nf3 Nf6 3. Nxe5 d6 4. Nf3 Nxe4 5. Nc3 Nxc3 6. dxc3 Be7 7. Be3 O-O 8. Qd2 {C42: Petroff Defence: 3 Nxe5 and unusual White 3rd moves.} Nd7 9. O-O-O Nf6 {The modern move.} 10. Bd3 {The position is equal.} c5 11. Rhe1 Be6 12. Kb1 Qa5 13. c4 Qxd2 14. Bxd2 {Strongly threatening Ng5.} h6 15. h3 Rfe8 16. Nh4 {[#]} Bf8 $146 ({Black should play} 16... Ng4 $11 17. hxg4 Bxh4) ({Predecessor:} 16... Ng4 17. hxg4 Bxh4 18. g3 Bf6 19. Be2 Bd4 20. Rf1 Bd5 21. Be3 Bg2 22. Rg1 Bc6 23. Bxd4 cxd4 {½-½ (53) Sanal,V (2490)-Bindrich,F (2606) St Petersburg 2018}) 17. Bc3 $14 Nd7 (17... d5 $11 {keeps the balance.}) 18. Bf5 (18. b3 $16) 18... Nb6 $11 19. Bxe6 fxe6 20. b3 d5 21. cxd5 exd5 22. Bb2 d4 23. c3 Rxe1 24. Rxe1 dxc3 25. Bxc3 Nd5 26. Bb2 Nf4 27. Bc1 Nd3 28. Re2 b5 29. Nf5 Rd8 30. Be3 a5 31. g4 c4 32. bxc4 bxc4 33. Kc2 Bb4 {Threatening ...Ne1+.} 34. h4 $2 {[#]} (34. Bd2 $11) 34... Ne1+ $1 $19 35. Kb2 Rd1 $2 ({Better is} 35... Rd3 $19 {( -> ...Ba3+)} 36. a3 Rb3+ 37. Ka1 Rxa3+ 38. Kb1 Rb3+ 39. Rb2 Rd3) 36. a3 $1 $11 {[%cal Ra3b4]} Nd3+ 37. Ka2 $2 {[%mdl 8192]} (37. Kc2 $11 Ra1 38. axb4 Ra2+ 39. Kd1 Ra1+ 40. Kd2 Ra2+ 41. Kd1 Ra1+ 42. Kd2 Ra2+ 43. Kd1) 37... Bc3 {Accuracy: White = 80%, Black = 84%.} 0-1

[Event "53rd Biel Blitz 2020"]
[Site "Biel"]
[Date "2020.07.25"]
[Round "13.2"]
[White "Naiditsch, Arkadji"]
[Black "Wojtaszek, Radoslaw"]
[Result "0-1"]
[WhiteElo "2581"]
[BlackElo "2690"]
[Annotator "TA"]
[PlyCount "60"]
[EventDate "2020.07.21"]
[EventType "tourn"]
[EventCountry "SUI"]
[SourceTitle "playchess.com"]
[Source "ChessBase"]
[SourceQuality "1"]

{[%evp 19,60,0,2,-20,-17,-27,0,0,0,-21,-15,-25,-18,-12,-5,-14,-17,-14,0,-1,-11,-64,-72,-86,-79,-125,-127,-150,-151,-295,-302,-585,-166,-272,0,-250,0,-264,-273,-566,-326,-644,-638]} 1. e4 c5 2. Nf3 d6 3. Nc3 Nf6 4. d4 cxd4 5. Qxd4 Nc6 6. Bb5 Bd7 7. Bxc6 Bxc6 8. Bg5 e6 9. O-O-O Be7 10. Qd3 Qa5 11. Bd2 {B53: Sicilian: 2...d6: Lines with Qxd4.} (11. h4 {seems wilder.} h6 12. Bxf6 Bxf6 13. Nd4 Qb6 14. g4) 11... d5 12. exd5 {[#]} Bxd5 $146 ({Predecessor:} 12... Nxd5 13. Kb1 Rd8 14. Nd4 Qb6 15. Nxc6 bxc6 16. Nxd5 Rxd5 17. Qg3 Bf6 18. Bc3 Bxc3 19. Qxc3 O-O 20. Qe3 Qc7 {½-½ (20) Trofimov,V (2400)-Nizky,R (2425) ICCF email 2014}) 13. Nxd5 {The position is equal.} Qxd5 14. Qxd5 (14. Bc3 {is more complex.} Qxd3 15. Rxd3 Bc5 16. Bd4 Bxd4 17. Rxd4 Ke7 18. Rhd1) 14... Nxd5 15. Nd4 Rc8 16. Nb5 a6 17. Nc3 Nb6 18. Bf4 f6 19. Rhe1 Rc6 20. a4 (20. Ne2 $11 e5 21. Bg3) 20... Bb4 $15 21. Re3 Bxc3 22. bxc3 Nxa4 23. Red3 {[#] Hoping for Rd8+.} O-O 24. Rd7 (24. Rd6 $17 {was called for.}) 24... Nxc3 $19 25. R1d2 $2 (25. Re1 {only move.}) 25... Nd5 $2 (25... Rb6 {[%csl Gc3][%cal Rb6b1]} 26. R2d6 Rb1+ 27. Kd2 Ne4+ {[%mdl 64] Double Attack} 28. Ke3 Nxd6 29. Bxd6 Rc8) 26. Bg3 (26. Rxb7 $142 Rc4 27. Bd6) 26... Rf7 27. Rd8+ $1 Rf8 28. Rd7 b5 29. Kb2 $2 {[#]} (29. f4) 29... h5 30. h4 $2 (30. Rd6 Rxd6 31. Bxd6) 30... Nb6 {Accuracy: White = 40%, Black = 71%.} 0-1

[Event "53rd Biel Blitz 2020"]
[Site "Biel"]
[Date "2020.07.25"]
[Round "13.3"]
[White "Anton Guijarro, David"]
[Black "Keymer, Vincent"]
[Result "1-0"]
[WhiteElo "2590"]
[BlackElo "2476"]
[Annotator "TA"]
[PlyCount "57"]
[EventDate "2020.07.21"]
[EventType "tourn"]
[EventCountry "SUI"]
[SourceTitle "playchess.com"]
[Source "ChessBase"]
[SourceQuality "1"]

{[%evp 15,57,15,18,11,16,8,27,25,26,21,49,13,55,40,36,33,49,45,59,49,130,129,265,251,546,538,576,575,567,547,613,601,700,700,952,786,800,785,812,752,1262,878,849,839]} 1. Nf3 d5 2. b3 Bf5 3. Bb2 c6 4. g3 h6 5. d3 Nf6 6. Nbd2 e6 7. Bg2 Nbd7 8. O-O Bh7 9. Re1 {A07: Réti Opening: New York and Capablanca Systems.} Bc5 10. e4 dxe4 11. dxe4 {White has an edge.} O-O 12. Qe2 {[#]} Qe7 $146 ({Predecessor:} 12... Qc7 13. Rad1 Rfd8 14. a3 a5 15. e5 Nd5 16. Ne4 Bf8 17. c4 N5b6 18. Nd6 Nc8 {1-0 (48) Stavroyany,S (2236)-Karnaukh,A (2269) Kiev 2008}) 13. a3 a5 14. e5 Nd5 15. c4 Nc7 16. Ne4 Rfd8 17. Red1 Bb6 (17... Bxe4 $14 18. Qxe4 Nf8) 18. Nd6 $16 Ne8 (18... Nc5 $16 {was necessary.}) 19. Nxb7 $18 {Black must now prevent Nd4.} Rab8 $2 {[#]} (19... Rdb8) 20. Nxd8 {White is clearly winning.} Rxd8 21. Nd4 Bxd4 22. Bxd4 c5 23. Bc3 a4 24. bxa4 Nc7 25. Bc6 Nb8 26. Rxd8+ Qxd8 27. Rd1 Qc8 28. Be4 Bf5 29. Ba5 {Black got outplayed after the opening. Accuracy: White = 81%, Black = 31%.} 1-0

[Event "53rd Biel Blitz 2020"]
[Site "Biel"]
[Date "2020.07.25"]
[Round "13.4"]
[White "Edouard, Romain"]
[Black "Harikrishna, Pentala"]
[Result "1-0"]
[WhiteElo "2614"]
[BlackElo "2663"]
[Annotator "TA"]
[PlyCount "89"]
[EventDate "2020.07.21"]
[EventType "tourn"]
[EventCountry "SUI"]
[SourceTitle "playchess.com"]
[Source "ChessBase"]
[SourceQuality "1"]

{[%evp 13,89,40,50,22,24,33,40,24,19,6,32,28,29,28,26,27,33,34,38,47,26,52,38,21,37,28,41,0,0,0,0,0,20,15,5,0,10,0,363,356,676,607,727,728,674,565,1126,1041,1110,671,1137,1004,1018,855,1527,938,1043,1035,1209,1227,1443,1309,1687,1331,2440,2348,29982,29983,29983,29984,29985,29986,7227,2748,6391,4914,29985,29986]} 1. d4 d5 2. c4 dxc4 3. e4 Nf6 4. e5 Nd5 5. Bxc4 Nb6 6. Bd3 Nc6 7. Ne2 Bg4 8. Be3 {D20: Queen's Gambit Accepted: 3 e3 and 3 e4.} (8. f3 $5 {[%cal Rf3g4]} Bh5 9. Nbc3 $14) 8... e6 9. Nbc3 Be7 10. a3 {White is slightly better.} Qd7 {[#]} 11. b4 $146 {[%cal Bb2b4,Bb4b5][%mdl 32]} ({Predecessor:} 11. Rc1 O-O-O 12. Be4 Kb8 13. O-O f5 14. exf6 gxf6 15. Kh1 f5 16. Bxc6 Qxc6 17. f3 {1-0 (26) Laurusas,T (2501)-Rodriguez Garcia,M (2175) Riga 2019}) 11... Rd8 12. Be4 O-O 13. Qc2 Bf5 14. Bxf5 exf5 15. Rd1 a5 16. b5 Na7 17. a4 Nac8 18. d5 Nc4 19. Bd4 N8b6 20. Bxb6 Nxb6 21. O-O Rfe8 22. f4 Nc4 23. Rf3 $1 {d6! is the strong threat.} Bc5+ 24. Nd4 Nb6 25. Kh1 Nxd5 $2 {[%mdl 8192] Black is on the road to losing.} (25... Bxd4 $1 $11 26. Rxd4 g6) 26. Nb3 $18 {[%mdl 64] [#] Double Attack} ({Stronger than} 26. Nxf5 Qe6 $11) 26... Bb4 $2 (26... Nb4) 27. Nxd5 Qe6 28. Rfd3 Rc8 29. Nc5 Qh6 30. Nxb7 Bf8 31. Qc6 Qh4 32. g3 Qg4 33. Ne3 Qh5 34. Nxa5 Re6 35. Qg2 g5 36. Nd5 Kh8 37. Nc6 Ra8 38. Nd4 Rg6 39. Nxf5 gxf4 40. Nxf4 {[%mdl 64] Double Attack, Discovered Attack} Qxf5 41. Nxg6+ hxg6 42. Qxa8 Kg7 43. Qg2 Bb4 {[#]} 44. e6 $1 Qxe6 45. Qb2+ {[%mdl 64] Double Attack. Accuracy: White = 76%, Black = 53%.} 1-0

[Event "53rd Biel Blitz 2020"]
[Site "Biel"]
[Date "2020.07.25"]
[Round "14.1"]
[White "Studer, Noel"]
[Black "Adams, Michael"]
[Result "0-1"]
[WhiteElo "2422"]
[BlackElo "2709"]
[Annotator "TA"]
[PlyCount "136"]
[EventDate "2020.07.21"]
[EventType "tourn"]
[EventCountry "SUI"]
[SourceTitle "playchess.com"]
[Source "ChessBase"]
[SourceQuality "1"]

{[%evp 23,136,0,0,-14,0,0,8,-10,-16,-20,-21,-62,-16,-20,0,0,12,-18,30,-1,0,-12,0,0,0,-92,-34,-36,-37,-84,-47,-134,-52,-75,-38,-77,-86,-78,-72,-78,-61,-72,0,0,0,-6,267,276,543,542,538,527,461,0,687,621,630,-731,647,0,0,-224,-224,-224,-224,-224,-224,-216,-209,-209,-169,-234,-235,-304,-212,-408,-408,-393,-387,-360,-353,-523,-502,-730,-762,-730,-698,-662,-643,-637,-620,-890,-821,-753,-696,-1095,-1135,-1381,-1082,-1619,-1568,-2058,-1609,-1533,-1581,-1500,-1472,-2216,-2598,-1879,-1652,-12841,-12842,-12846,-12847]} 1. d4 Nf6 2. c4 e6 3. Nf3 d5 4. g3 Bb4+ 5. Bd2 Be7 6. Bg2 O-O 7. O-O Nbd7 8. Qc2 c6 9. Rc1 b6 10. cxd5 cxd5 11. Bf4 Bb7 12. Bc7 Qe8 13. Qb3 {E08: Closed Catalan: Main Line: 7 Qc2.} Ne4 14. Nc3 {[#]} Nb8 $5 $146 {[%mdl 8] New and interesting.} ({Predecessor:} 14... Nxc3 15. Rxc3 Ba6 16. Qd1 Nf6 17. Ne5 Rc8 18. Rac1 Ne4 19. R3c2 Qa4 20. Bf1 f6 {0-1 (57) Dreev,A (2671)-Bosiocic,M (2598) Zagreb 2019}) 15. Nxe4 {The position is equal.} dxe4 16. Nd2 Bd5 17. Qc3 f5 (17... Na6 $5 {[%cal Ra8c8]} 18. Be5 (18. Bxe4 $2 Bxe4 19. Nxe4 Rc8 $19) 18... f6 $15) 18. f3 {[%cal Rf3e4]} exf3 19. Bxf3 Qd7 20. Bf4 Na6 21. a3 Rac8 22. Qd3 Nc7 23. Nc4 Bxf3 24. exf3 (24. Ne5 $1 $11 Qd5 25. Nxf3 (25. exf3 Nb5 $11)) 24... Nd5 (24... Nb5 $17 25. Rd1 Rfd8) 25. Bd2 Bf6 26. Re1 Rfd8 27. Kg2 ({White should play} 27. Ne5 $1 $15 Qd6 28. Rad1) 27... h6 ({Black should try} 27... Nc7 $17 28. Bc3 Nb5) 28. Rad1 b5 29. Na5 Nb6 $1 30. Nb3 Nc4 31. Bc3 Qd5 32. Qe2 Rc6 (32... Re8 $17 33. Qd3 Red8) 33. Nc5 $11 Re8 34. Nd3 $36 {[%mdl 2048] White fights for an advantage.} a5 $2 {[%mdl 8192]} (34... Rcc8 $11 {and Black is okay.}) 35. Nf4 $18 Qd7 $2 (35... Qd8 36. d5 Rd6) 36. d5 Rd6 37. Bxf6 gxf6 38. dxe6 $2 ({White has to play} 38. b3 $18 Ne5 39. dxe6) 38... Qc6 $2 {[%mdl 8192]} (38... Rxd1 $11 39. exd7 (39. Rxd1 $2 {is the wrong capture.} Qxd1 40. Qxd1 Ne3+ {[%mdl 64] Double Attack} 41. Kg1 Nxd1 $19) 39... Rxe2+ 40. Rxe2 Rxd7) 39. Rxd6 Qxd6 40. Rd1 $4 {[%mdl 8192] [#]} (40. Nh5 $18 Re7 41. a4) 40... Qe5 $4 {[%mdl 8192] [#]} (40... Qxd1 $1 $19 {[%mdl 512]} 41. Qxd1 Ne3+ {[%mdl 64] Double Attack} 42. Kh3 Nxd1) 41. Kf2 $2 (41. Qd3 $1 $18 {[%cal Rd3d7] Qd7 would kill now.} Rf8 42. Qd7) 41... Qc5+ $11 42. Ke1 $2 {Black converts the advantage convincingly.} (42. Kg2 $1 $11 Ne3+ 43. Kh3 Nxd1 44. Qxd1) 42... Qg1+ $19 43. Qf1 Qxf1+ 44. Kxf1 {[%mdl 4096] Endgame And now Ke2 would win. KRN-KRN} Ne3+ {[%mdl 64] Double Attack} 45. Ke2 Nxd1 46. Kxd1 {KR-KN} Kf8 47. Kc2 (47. Ng6+ $142 Kg7 48. Nf4) 47... Ke7 48. Kd3 Rc8 49. Kd2 $2 (49. Ne2) 49... a4 50. Kd1 Kd6 51. Kd2 Rc4 52. Kd1 (52. h3 {was called for.}) 52... b4 {Black is clearly winning.} 53. axb4 Rxb4 54. Kc2 Rb3 55. Nd3 Rb5 56. Nf4 Rb8 57. Nd3 Rc8+ 58. Kb1 Kxe6 59. Ka2 Kd5 60. Ka3 Kd4 61. Nf4 Rb8 62. Nh5 Rb6 63. Ng7 Ke3 64. f4 Ke4 65. Ne8 Kf3 66. Ng7 Rb5 67. Kxa4 Rxb2 68. Nxf5 Rxh2 {Accuracy: White = 39%, Black = 63%.} 0-1

[Event "53rd Biel Blitz 2020"]
[Site "Biel"]
[Date "2020.07.25"]
[Round "14.2"]
[White "Wojtaszek, Radoslaw"]
[Black "Naiditsch, Arkadji"]
[Result "1-0"]
[WhiteElo "2690"]
[BlackElo "2581"]
[Annotator "TA"]
[PlyCount "61"]
[EventDate "2020.07.21"]
[EventType "tourn"]
[EventCountry "SUI"]
[SourceTitle "playchess.com"]
[Source "ChessBase"]
[SourceQuality "1"]

{[%evp 10,61,27,27,27,26,49,46,45,36,35,32,46,50,58,18,22,20,22,16,20,15,14,24,18,25,26,0,0,0,14,11,10,7,13,10,12,0,13,0,57,8,44,48,45,50,246,207,519,515,839,839,6019,5163]} 1. d4 Nf6 2. c4 e6 3. Nf3 Bb4+ 4. Bd2 c5 5. Bxb4 cxb4 6. e3 O-O {E11: Bogo-Indian.} 7. a3 {7.Be2 is a critical line.} Qe7 8. Be2 b6 {[#] White is slightly better.} 9. axb4 $146 ({Predecessor:} 9. O-O Bb7 10. axb4 Qxb4 11. Nc3 d5 12. Ne5 dxc4 13. Nxc4 Nbd7 14. Ra4 Qe7 15. Bf3 {1-0 (60) Khotenashvili,B (2514)-Koneru,H (2607) Tashkent 2013}) 9... Qxb4+ {[%mdl 64] [#] Double Attack} 10. Qd2 Qxd2+ 11. Nfxd2 Bb7 12. Bf3 Bxf3 13. Nxf3 Rc8 14. Nbd2 d5 15. cxd5 Nxd5 16. Ke2 Nc6 17. Rhc1 Kf8 18. Rc4 Na5 19. Rcc1 Ke7 20. Ne5 f6 21. Nd3 Nc6 22. Rc4 Kd7 23. Rac1 a5 24. g4 g5 ({Better is} 24... Ncb4 $11) 25. e4 Nf4+ (25... Ndb4 {feels hotter.} 26. Nxb4 Nxb4 27. h4 gxh4 28. Rh1 Ke8) 26. Nxf4 gxf4 27. Nf3 $36 {[%mdl 2048] And now e5 would win. White is pushing.} a4 $2 {This costs Black the game.} ({Black should try} 27... b5 $14 28. Rc5 e5) 28. g5 a3 $2 (28... b5 {is tougher.} 29. R4c2 Na5) 29. bxa3 $18 {White is clearly winning.} Rxa3 (29... b5 $142) 30. gxf6 b5 {[#]} 31. Rxc6 $1 {[%mdl 512] Accuracy: White = 84%, Black = 59%.} 1-0

[Event "53rd Biel Blitz 2020"]
[Site "Biel"]
[Date "2020.07.25"]
[Round "14.3"]
[White "Keymer, Vincent"]
[Black "Anton Guijarro, David"]
[Result "0-1"]
[WhiteElo "2476"]
[BlackElo "2590"]
[Annotator "TA"]
[PlyCount "117"]
[EventDate "2020.07.21"]
[EventType "tourn"]
[EventCountry "SUI"]
[SourceTitle "playchess.com"]
[Source "ChessBase"]
[SourceQuality "1"]

{[%evp 18,117,40,32,36,40,50,44,52,13,36,27,13,31,43,-152,-110,-97,-98,-100,-54,-46,31,14,22,2,14,7,8,-14,0,-56,-43,-56,-33,-33,-35,-34,-33,-48,-11,-64,-2,-10,-14,-41,-41,-84,0,0,0,-33,-37,-30,-33,-70,-65,-70,-65,-91,0,0,32,-21,-18,-18,-16,-16,-14,-15,-15,-70,-45,-40,-41,-36,-38,-96,-83,-76,0,-126,-127,-179,-61,-61,-61,-70,-1,-1,-1,-4493,-618,-618,-29959,-29964,-618,-29968,-29970,-29970,-29972,-29968]} 1. Nf3 f5 2. d4 Nf6 3. g3 g6 4. Bg2 Bg7 5. O-O O-O 6. b3 d6 7. Bb2 c6 8. c4 a5 9. Nc3 Na6 10. a3 Nc7 $5 {[%mdl 4] Leaves trodden paths. A88: Dutch Defence: Leningrad System: 5 Nf3 0-0 6 0-0 d6 7 Nc3 c6.} 11. Qc2 {[#]} Rb8 $146 ({Predecessor:} 11... Re8 12. Rad1 Bd7 13. Na4 Na6 14. c5 Nd5 15. e4 fxe4 16. Ng5 Bf5 17. Bxe4 e6 {1-0 (33) Onstad,L-Rist,K Fagernes 2013}) 12. Rfd1 b5 {White is slightly better.} 13. Ne1 Bd7 14. Nd3 bxc4 15. bxc4 Qe8 16. e4 $2 (16. e3 $14 {stays ahead.}) 16... fxe4 17. Nxe4 Nxe4 18. Bxe4 Ne6 19. d5 Ng5 (19... Nd4 $15 20. Bxd4 Bxd4) 20. Bxg7 $14 Kxg7 21. Bg2 cxd5 22. cxd5 Nf3+ 23. Kh1 (23. Bxf3 $5 Rxf3 24. Qe2 $11) 23... Qf7 24. Nf4 (24. Qc7 $11 Qf5 25. Qxa5) 24... Ne5 (24... Rfc8 $5 {[%cal Rc8c2]} 25. Qe2 Ne5 $15) 25. Re1 g5 26. Nd3 Bf5 27. Nxe5 Bxc2 28. Nxf7 Rxf7 29. Rac1 (29. Kg1 $11) 29... Rxf2 (29... Bg6 $15) 30. Rxe7+ Kh6 31. Re6+ (31. Kg1 {seems wilder.} Rd2 32. Re6+ Bg6 33. Rxd6 Rbb2 34. Bf1) 31... Bg6 32. Rf1 {[#]} Rxf1+ ({Better is} 32... Ra2 $1 $17 33. g4 (33. Rxd6 Rbb2 $17) 33... Rbb2) 33. Bxf1 $17 {[%mdl 4096] Endgame KRB-KRB} Rb6 34. Kg1 Kg7 35. Re7+ Kf6 36. Ra7 Rb1 {[#] And now ...Bd3 would win.} 37. Kf2 Rb2+ 38. Ke3 Rb3+ (38... Rxh2 $17 39. Rxa5 Rc2) 39. Kd4 $11 Rxa3 40. Ra6 (40. Rd7 $1 $14) 40... Ra4+ 41. Bc4 Ke7 42. Ra7+ Kd8 43. Kc3 Ra1 44. h4 ({White should play} 44. Kd4 $11) 44... gxh4 45. gxh4 Rc1+ 46. Kd4 Rh1 47. Rxa5 (47. Ra8+ $15 Ke7 48. Rxa5) 47... Rxh4+ $17 48. Kc3 Ke7 (48... Rf4 $17) 49. Ra2 (49. Ra7+ $11 {was the only way to keep the balance.} Kf6 50. Rd7) 49... Rh3+ 50. Kb4 (50. Kd4 $17 {was called for.}) 50... Rf3 (50... Kf6 $19 {Hoping for ...h5.} 51. Re2 Bf5) 51. Re2+ $15 Kf7 $1 52. Kb5 $1 Rf4 ({Black should try} 52... Bf5 $15 53. Kb6 h5) 53. Re6 $11 Rf6 {Threatens to win with ...Rxe6.} 54. Kc6 $2 {[%mdl 8192] This costs White the game.} (54. Re1 $11) 54... Rxe6 $19 55. dxe6+ Ke7 56. Kd5 Bf5 (56... h5 $142 57. Kd4 h4 58. Ke3 Bf5 59. Kf4 Bxe6 60. Be2 h3 61. Bf1 Kf6 62. Kg3 d5 63. Be2 Bf5 64. Bb5 d4 65. Bf1 Ke5 66. Bc4 Ke4 67. Be2 d3 68. Bd1 Ke3 69. Ba4 Kd2 70. Bb5 Kc2 71. Ba4+ Kc1 72. Be8 d2 73. Bh5 d1=Q 74. Bxd1 Kxd1 75. Kf2 Bc8 76. Kf1 Kd2 77. Kf2 Bd7 78. Kf3 Ke1 79. Kg3 Ke2 80. Kf4 h2 81. Kg5 h1=Q 82. Kg6 Qh4 83. Kg7 Qg5+ 84. Kf7 Bf5 85. Kf8 Be6 86. Ke8 Qg7 87. Kd8 Qd7#) 57. Kd4 Bxe6 58. Be2 Kf6 59. Bf3 {Accuracy: White = 45%, Black = 66%.} 0-1